000
00247nam a2200097Ia 4500
001
679830
005
20250826161330.0
008
250824s9999 xx 000 0 und d
245
0
_a
İNSANLARIN SIRRI
_c
ANN NOLAN CLARK
260
_b
GÜNIŞIĞI YAYINLARI
999
_c
679830
_d
679830